Psicología del adolescente /
El autor revisa principalmente los avances que las teorías del psicoanálisis han realizado con respecto al desarrollo psicológico en la etapa de la adolescencia. Con un lenguaje claro y accesible son revisadas las etapas anteriores de la infancia y la pubertad, los acercamientos científicos y consej...
Bewaard in:
| Hoofdauteur: | |
|---|---|
| Andere auteurs: | |
| Formaat: | Boek |
| Taal: | Spaans |
| Gepubliceerd in: |
México :
Superación Matrimonial,
1991, c1991
|
| Editie: | 2a edición |
| Onderwerpen: | |
| Tags: |
Geen labels, Wees de eerste die dit record labelt!
|
MARC
| LEADER | 00000nam^a2200000^a^4500 | ||
|---|---|---|---|
| 001 | 000380959 | ||
| 005 | 20250521000000.0 | ||
| 009 | 20260310120629.747 | ||
| 037 | |a Acervo ITESO - Biblioteca | ||
| 041 | |a ESP | ||
| 082 | |a 155. 5 |b CAN | ||
| 100 | |a Canché Novelo, Luis |e (autor) | ||
| 245 | 1 | 0 | |a Psicología del adolescente / |c L. Canché Novelo ; pról. de G. Padrón Edmiston. |
| 250 | |a 2a edición | ||
| 264 | 4 | |a México : |b Superación Matrimonial, |c 1991, c1991 | |
| 300 | |a XII, 188 p. | ||
| 336 | |a texto |b txt |2 rdacontenido | ||
| 337 | |a sin mediación |b n |2 rdamedio | ||
| 338 | |a volumen |b nc |2 rdasoporte | ||
| 520 | |a El autor revisa principalmente los avances que las teorías del psicoanálisis han realizado con respecto al desarrollo psicológico en la etapa de la adolescencia. Con un lenguaje claro y accesible son revisadas las etapas anteriores de la infancia y la pubertad, los acercamientos científicos y consejos para un buen desarrollo del individuo en este periodo del desarrollo humano. | ||
| 649 | |a XX | ||
| 650 | |a Niños - |x Condiciones Psicológicas | ||
| 650 | |a Adolescentes - |x Condiciones Psicológicas - |x Tema Principal | ||
| 650 | |a Afectividad | ||
| 650 | |a Conducta | ||
| 650 | |a Pubertad | ||
| 650 | |a Pulsiones | ||
| 650 | |a Psicoanálisis - |x Teoría | ||
| 650 | |a Psicología del Yo | ||
| 650 | |a Psicología Evolutiva | ||
| 700 | |a Padrón Edmiston, Guillermo |e (prólogo) | ||
| 910 | |a Fondo General | ||
| 920 | |a Impresos - Libros | ||
| 930 | |a Colección General | ||
| 905 | |a 101 | ||
| 901 | |a 0500275938 |b IT1 |c ACC |i D77426 |u 20250521 | ||
| 902 | |a https://opac.biblio.iteso.mx/vufind/Record/000380959 | ||